| 000 | 00395nam a2200145 a 4500 | ||
|---|---|---|---|
| 005 | 20140412111327.0 | ||
| 008 | 110115s19uu xx 00 eng d | ||
| 020 | _a0-383-03575-9 | ||
| 050 |
_aBB _bIw11 1994 |
||
| 100 | _aFerguson, Virginia | ||
| 245 |
_aI Went to visit a friend one day / _cVirginia Ferguson. |
||
| 260 |
_aAustralia : _bMacmillan, _c1994. |
||
| 300 | _a12p. | ||
| 999 |
_c104693 _d104693 |
||